[Event "BL2 West 1819 (Women)"]
[Site "Germany"]
[Date "2018.10.28"]
[Round "2.6"]
[White "Schlueter, Sabrina"]
[Black "Kraus, Tanja"]
[Result "1-0"]
[WhiteElo "1762"]
[BlackElo "1820"]
[PlyCount "63"]
[EventDate "2018.10.27"]
[EventType "team-tourn"]
[EventRounds "7"]
[EventCountry "GER"]
[SourceTitle "CBM 190 Extra"]
[Source "ChessBase"]
[SourceDate "2019.07.15"]
[SourceVersion "1"]
[SourceVersionDate "2019.07.15"]
[SourceQuality "1"]
[WhiteTeam "Kiel Doppelbauer (W)"]
[BlackTeam "Bochum Wattenscheid (W)"]
[WhiteTeamCountry "GER"]
[BlackTeamCountry "GER"]

1. c4 e5 2. Nc3 Bb4 3. g3 Bxc3 4. bxc3 d6 5. Bg2 Nc6 6. Rb1 Nge7 7. d4 0-0 8. Nf3 Qe8 9. 0-0 Rb8 10. e4 Bg4 11. h3 Bh5 12. g4 Bg6 13. Nh4 f6 14. d5 Na5 15. Rb4 b6 16. Ra4 Ra8 17. Be3 Nb7 18. Qc2 c6 19. dxc6 Qxc6 20. Nf5 Qc7 21. Rd1 Bf7 22. f4 Bxc4 23. Nxe7+ Kh8 24. Nd5 Qc6 25. Rb4 b5 26. f5 a5 27. Rb2 Rf7 28. Kh2 Qe8 29. Nb6 Rd8 30. Nxc4 bxc4 31. Rd5 Rfd7 32. Qb1 1-0

[Event "BL2 West 1617 (Women)"]
[Site "Germany"]
[Date "2017.03.26"]
[Round "7.6"]
[White "Wunderlich, Verena"]
[Black "Kraus, Tanja"]
[Result "1-0"]
[WhiteElo "1848"]
[BlackElo "1842"]
[PlyCount "57"]
[EventDate "2016.10.22"]
[EventType "team-tourn"]
[EventRounds "7"]
[EventCountry "GER"]
[SourceTitle "EXT 2018"]
[Source "ChessBase"]
[SourceDate "2017.10.13"]
[SourceVersion "1"]
[SourceVersionDate "2017.10.13"]
[SourceQuality "1"]
[WhiteTeam "Heiden (W)"]
[BlackTeam "Wattenscheid (W)"]
[WhiteTeamCountry "GER"]
[BlackTeamCountry "GER"]

1. e4 Nf6 2. e5 Nd5 3. d4 d6 4. c4 Nb6 5. exd6 exd6 6. Nf3 Bg4 7. Be2 Nc6 8. 0-0 Be7 9. b3 0-0 10. Nc3 Bf6 11. Be3 Re8 12. Qd2 Nc8 13. Nd5 a5 14. h3 Bh5 15. Rfe1 Nb6 16. Nxf6+ Qxf6 17. g4 Bg6 18. Bg5 Qe6 19. d5 Qd7 20. dxc6 Qxc6 21. Nd4 Qd7 22. Bf3 c6 23. Rxe8+ Rxe8 24. Qxa5 Nc8 25. Qd2 f6 26. Bf4 Qf7 27. Re1 Qd7 28. Rxe8+ Bxe8 29. Nf5 1-0

[Event "BL2 West 1617 (Women)"]
[Site "Germany"]
[Date "2016.10.22"]
[Round "1.5"]
[White "Kraus, Tanja"]
[Black "Wenke, Andrea"]
[Result "1/2-1/2"]
[WhiteElo "1849"]
[BlackElo "1769"]
[PlyCount "43"]
[EventDate "2016.10.22"]
[EventType "team-tourn"]
[EventRounds "7"]
[EventCountry "GER"]
[SourceTitle "EXT 2018"]
[Source "ChessBase"]
[SourceDate "2017.10.13"]
[SourceVersion "1"]
[SourceVersionDate "2017.10.13"]
[SourceQuality "1"]
[WhiteTeam "Wattenscheid (W)"]
[BlackTeam "Delmenhorst (W)"]
[WhiteTeamCountry "GER"]
[BlackTeamCountry "GER"]

1. e4 e5 2. Nf3 Nc6 3. Bb5 d6 4. d4 exd4 5. Qxd4 Bd7 6. Bxc6 Bxc6 7. Nc3 Nf6 8. Bg5 Be7 9. 0-0 0-0 10. Rfe1 Re8 11. Rad1 Nd7 12. Bxe7 Rxe7 13. Nd5 Re6 14. Qd2 Rh6 15. Nd4 Rg6 16. Nf5 Bxd5 17. exd5 Ne5 18. Kh1 Rf6 19. Ne3 Qd7 20. Rf1 a6 21. Qb4 Qb5 22. Qxb5 1/2-1/2

[Event "BL2 West 1516 (Women)"]
[Site "Germany"]
[Date "2016.01.10"]
[Round "5.4"]
[White "Kinzel, Tiffany"]
[Black "Kraus, Tanja"]
[Result "1/2-1/2"]
[WhiteElo "1724"]
[BlackElo "1910"]
[PlyCount "54"]
[EventDate "2015.09.26"]
[EventType "team-tourn"]
[EventRounds "7"]
[EventCountry "GER"]
[SourceTitle "EXT 2017"]
[Source "ChessBase"]
[SourceDate "2016.10.25"]
[SourceVersion "1"]
[SourceVersionDate "2016.10.25"]
[SourceQuality "1"]
[WhiteTeam "Muelheim (W)"]
[BlackTeam "Wattenscheid (W)"]
[WhiteTeamCountry "GER"]
[BlackTeamCountry "GER"]

1. d4 c5 2. e3 cxd4 3. exd4 Nf6 4. Nf3 d5 5. Bd3 Bg4 6. Nbd2 Nc6 7. c3 e6 8. 0-0 Bd6 9. Qc2 Qc7 10. h3 Bh5 11. Re1 0-0 12. Nh4 Rac8 13. Qb1 e5 14. dxe5 Nxe5 15. Bf5 Rce8 16. Nb3 Ng6 17. Bg5 Rxe1+ 18. Qxe1 Re8 19. Qb1 Nxh4 20. Bxh4 Ne4 21. f3 Bh2+ 22. Kh1 Ng3+ 23. Bxg3 Bxg3 24. Qc2 Qf4 25. Nd4 Qe3 26. Rf1 g6 27. Bd3 Qe7 1/2-1/2

[Event "BL2 West 1415 (Women)"]
[Site "Germany"]
[Date "2015.03.28"]
[Round "6.4"]
[White "Koehler, Inken"]
[Black "Kraus, Tanja"]
[Result "1-0"]
[WhiteElo "1718"]
[BlackElo "1911"]
[PlyCount "129"]
[EventDate "2014.09.27"]
[EventType "team-tourn"]
[EventRounds "7"]
[EventCountry "GER"]
[SourceTitle "CBM 166 Extra"]
[Source "ChessBase"]
[SourceDate "2015.06.18"]
[SourceVersion "1"]
[SourceVersionDate "2015.06.18"]
[SourceQuality "1"]
[WhiteTeam "Harksheide (W)"]
[BlackTeam "Wattenscheid (W)"]
[WhiteTeamCountry "GER"]
[BlackTeamCountry "GER"]

1. e4 Nf6 2. Nc3 d5 3. e5 Nfd7 4. d4 e6 5. Nf3 c5 6. dxc5 Bxc5 7. Bd3 Nc6 8. Qe2 Nd4 9. Nxd4 Bxd4 10. Bf4 Qa5 11. Bd2 Bxe5 12. Bb5 Qc7 13. Nxd5 exd5 14. Bc3 f6 15. f4 0-0 16. fxe5 fxe5 17. 0-0-0 d4 18. Bb4 Rf4 19. Rhe1 d3 20. Qxd3 Rxb4 21. Bxd7 Qxd7 22. Qxd7 Bxd7 23. Rxd7 Re8 24. Rd5 Rg4 25. g3 Rg5 26. Rd7 Rh5 27. h4 g5 28. hxg5 Rxg5 29. Re3 Rg7 30. Rd5 Rg5 31. Kd2 Kf7 32. c4 Reg8 33. Rd7+ Ke6 34. Rxh7 R8g7 35. Rxg7 Rxg7 36. Ke2 Rc7 37. Re4 b5 38. b3 bxc4 39. Rxc4 Rh7 40. Kf3 Rh2 41. Ra4 Rh7 42. Ke4 Rb7 43. Ra6+ Ke7 44. Kxe5 Rb5+ 45. Kf4 Rb4+ 46. Kg5 Rb7 47. g4 Kf8 48. Kh5 Kg7 49. g5 Rd7 50. Kg4 Rf7 51. b4 Rd7 52. a3 Rb7 53. b5 Kf7 54. a4 Kg7 55. a5 Rxb5 56. Rxa7+ Kg6 57. Ra6+ Kg7 58. Kh5 Rb2 59. Ra7+ Kg8 60. a6 Rh2+ 61. Kg6 Kf8 62. Rf7+ Kg8 63. a7 Ra2 64. Rb7 Ra6+ 65. Kh5 1-0

[Event "NRW Verbandsliga Group2 1314"]
[Site "Nordrheinwestfalen"]
[Date "2013.10.13"]
[Round "2"]
[White "Kraus, Tanja"]
[Black "Strathoff, Dirk"]
[Result "0-1"]
[WhiteElo "1661"]
[BlackElo "1929"]
[PlyCount "72"]
[EventDate "2013.09.08"]
[EventType "team-tourn"]
[EventRounds "9"]
[EventCountry "GER"]
[SourceTitle "EXT 2020"]
[Source "ChessBase"]
[SourceDate "2019.10.17"]
[SourceVersion "1"]
[SourceVersionDate "2019.10.17"]
[SourceQuality "1"]
[WhiteTeam "Wattenscheid SV IV"]
[BlackTeam "Brackel SF II"]
[WhiteTeamCountry "GER"]
[BlackTeamCountry "GER"]

1. e4 c5 2. Nf3 Nc6 3. Bb5 d6 4. Bxc6+ bxc6 5. d3 g6 6. 0-0 Bg7 7. Nc3 Nf6 8. Bg5 h6 9. Be3 Rb8 10. Rb1 0-0 11. Qd2 Ng4 12. Bf4 e5 13. Bg3 Nf6 14. h3 Nh5 15. Bh2 g5 16. Ne2 Be6 17. b3 f5 18. Ne1 f4 19. f3 Qd7 20. Nc3 Rf6 21. Nd1 Rg6 22. Nf2 Bf6 23. Ng4 Kh7 24. Qf2 Bd8 25. c4 Ng7 26. Qb2 h5 27. Nf2 Ba5 28. Kh1 Rg8 29. Qe2 Ne8 30. Nc2 Nf6 31. b4 cxb4 32. Nxb4 Bb6 33. Bg1 g4 34. h4 gxf3 35. gxf3 Rg2 36. Qe1 Bxc4 0-1

[Event "BL 1213 (Women)"]
[Site "Germany"]
[Date "2013.03.09"]
[Round "10.5"]
[White "Kraus, Tanja"]
[Black "Kubikova, Alena"]
[Result "1/2-1/2"]
[WhiteElo "1916"]
[BlackElo "2095"]
[PlyCount "31"]
[EventDate "2012.10.06"]
[EventType "team-tourn"]
[EventRounds "11"]
[EventCountry "GER"]
[SourceTitle "EXT 2014"]
[Source "ChessBase"]
[SourceDate "2013.11.20"]
[SourceVersion "1"]
[SourceVersionDate "2013.11.20"]
[SourceQuality "1"]
[WhiteTeam "Wattenscheid (W)"]
[BlackTeam "Rodewisch (W)"]
[WhiteTeamCountry "GER"]
[BlackTeamCountry "GER"]

1. e4 e6 2. d4 d5 3. Nc3 dxe4 4. Nxe4 Nd7 5. Nf3 Ngf6 6. Bd3 Be7 7. 0-0 Nxe4 8. Bxe4 c5 9. c3 Nf6 10. Bd3 cxd4 11. Nxd4 0-0 12. Re1 Qb6 13. Qc2 g6 14. Bh6 Rd8 15. Bg5 a6 16. Nf3 1/2-1/2

[Event "Ruhrgebiet VK1 1213"]
[Site "Nordrheinwestfalen"]
[Date "2013.02.24"]
[Round "7.6"]
[White "Kraus, Tanja"]
[Black "Sokalskaja, Elena"]
[Result "0-1"]
[WhiteElo "1678"]
[BlackElo "1866"]
[PlyCount "72"]
[EventDate "2012.09.02"]
[EventType "team-tourn"]
[EventRounds "9"]
[EventCountry "GER"]
[SourceTitle "EXT 2020"]
[Source "ChessBase"]
[SourceDate "2019.10.17"]
[SourceVersion "1"]
[SourceVersionDate "2019.10.17"]
[SourceQuality "1"]
[WhiteTeam "Wattenscheid SV IV"]
[BlackTeam "Muelheim Nord IV"]
[WhiteTeamCountry "GER"]
[BlackTeamCountry "GER"]

1. e4 c6 2. d4 d5 3. exd5 cxd5 4. Bd3 Nc6 5. c3 Nf6 6. Bf4 Bg4 7. Qb3 Qc8 8. Nd2 e6 9. Ngf3 Be7 10. 0-0 0-0 11. Qc2 Bh5 12. Rac1 Qd8 13. Ne5 Rc8 14. Qb1 a6 15. Rfe1 Bg6 16. Nxg6 hxg6 17. Nf3 Nh5 18. Bd2 Bd6 19. Ne5 Qh4 20. g3 Qe7 21. h4 Qc7 22. Bxg6 Bxe5 23. Bxh5 Bxg3 24. Kg2 Bf4 25. Qd3 Ne7 26. Rg1 Nf5 27. Kh3 Qe7 28. Rg4 Bxd2 29. Qxd2 Qf6 30. Rcg1 Rfd8 31. Rg5 Kf8 32. Bg4 Nd6 33. Qe2 Ne4 34. Rh5 Nxf2+ 35. Kh2 Qf4+ 36. Rg3 Ne4 0-1

[Event "Ruhrgebiet Verbandsliga2 1112"]
[Site "Nordrheinwestfalen"]
[Date "2012.01.08"]
[Round "5.7"]
[White "Mancic, Ivan"]
[Black "Kraus, Tanja"]
[Result "1-0"]
[WhiteElo "2067"]
[BlackElo "1714"]
[PlyCount "45"]
[EventDate "2011.09.18"]
[EventType "team-tourn"]
[EventRounds "9"]
[EventCountry "GER"]
[SourceTitle "EXT 2020"]
[Source "ChessBase"]
[SourceDate "2019.10.17"]
[SourceVersion "1"]
[SourceVersionDate "2019.10.17"]
[SourceQuality "1"]
[WhiteTeam "Gladbeck SG"]
[BlackTeam "Wattenscheid SV IV"]
[WhiteTeamCountry "GER"]
[BlackTeamCountry "GER"]

1. d4 c5 2. d5 e6 3. c4 Nf6 4. g3 exd5 5. cxd5 d6 6. Bg2 Be7 7. Nc3 0-0 8. Nf3 Re8 9. 0-0 Bg4 10. h3 Bd7 11. a4 Na6 12. Nd2 Nb4 13. Nc4 Bf8 14. e4 g6 15. f4 Bxh3 16. Bxh3 Nxe4 17. f5 Bg7 18. Qf3 Ng5 19. Bxg5 Qxg5 20. f6 Bf8 21. Be6 Nc2 22. Ne4 Qh6 23. Bxf7+ 1-0

[Event "BL2 West 1112 (Women)"]
[Site "Germany"]
[Date "2011.12.18"]
[Round "5.4"]
[White "Finke, Lara"]
[Black "Kraus, Tanja"]
[Result "0-1"]
[WhiteElo "1530"]
[BlackElo "1935"]
[PlyCount "70"]
[EventDate "2011.10.29"]
[EventType "team-tourn"]
[EventRounds "7"]
[EventCountry "GER"]
[SourceTitle "EXT 2013"]
[Source "ChessBase"]
[SourceDate "2012.11.22"]
[SourceVersion "1"]
[SourceVersionDate "2012.11.22"]
[SourceQuality "1"]
[WhiteTeam "Dortmund 1875 (W)"]
[BlackTeam "Wattenscheid (W)"]
[WhiteTeamCountry "GER"]
[BlackTeamCountry "GER"]

1. e4 Nf6 2. Nc3 d5 3. exd5 Nxd5 4. Qf3 Nb6 5. Nge2 Nc6 6. Ng3 e5 7. Bd3 g6 8. 0-0 Bg7 9. Be4 Bd7 10. d3 0-0 11. Bd2 Nd4 12. Qd1 c6 13. Bf3 Be6 14. Nge4 Qe7 15. a3 f5 16. Ng3 Rad8 17. Re1 Qc5 18. b4 Qd6 19. Be2 Nd5 20. Rc1 a5 21. Nxd5 cxd5 22. c4 f4 23. Nf1 f3 24. Bxf3 Nxf3+ 25. gxf3 Rf5 26. Ng3 Rf7 27. Rc2 Rdf8 28. Re3 d4 29. Re4 Rxf3 30. Be1 Qd7 31. Rb2 axb4 32. axb4 Bg4 33. Qb3 h5 34. Ra2 h4 35. Nf1 Qf5 0-1

[Event "BL2 West 1112 (Women)"]
[Site "Germany"]
[Date "2011.11.26"]
[Round "3.4"]
[White "Stelling, Christine"]
[Black "Kraus, Tanja"]
[Result "1/2-1/2"]
[WhiteElo "1517"]
[BlackElo "1935"]
[PlyCount "58"]
[EventDate "2011.10.29"]
[EventType "team-tourn"]
[EventRounds "7"]
[EventCountry "GER"]
[SourceTitle "EXT 2013"]
[Source "ChessBase"]
[SourceDate "2012.11.22"]
[SourceVersion "1"]
[SourceVersionDate "2012.11.22"]
[SourceQuality "1"]
[WhiteTeam "Krefeld Turm (W)"]
[BlackTeam "Wattenscheid (W)"]
[WhiteTeamCountry "GER"]
[BlackTeamCountry "GER"]

1. c4 e5 2. g3 Nf6 3. d3 Bc5 4. Nc3 d6 5. Bg2 0-0 6. Nf3 h6 7. 0-0 Nc6 8. a3 a5 9. Bd2 Be6 10. Qc2 Rb8 11. Be3 Nd4 12. Bxd4 Bxd4 13. Nxd4 exd4 14. Ne4 Nxe4 15. Bxe4 b5 16. b3 Qe7 17. Rfe1 Rb6 18. a4 bxc4 19. bxc4 Rfb8 20. Qd2 Rb4 21. e3 dxe3 22. Rxe3 Qf6 23. Ree1 Bd7 24. Ra2 Bh3 25. Bg2 Bxg2 26. Kxg2 Rb2 27. Rxb2 Rxb2 28. Re8+ Kh7 29. Qe3 g6 1/2-1/2

[Event "GER-ch23 V02 (Women) email"]
[Site "GER email"]
[Date "2011.05.21"]
[Round "?"]
[White "Kraus, Tanja"]
[Black "Martins, Karin"]
[Result "0-1"]
[WhiteElo "1947"]
[BlackElo "1565"]
[PlyCount "48"]
[EventDate "2011.05.30"]
[EventType "tourn (corr)"]
[EventRounds "6"]
[EventCountry "GER"]
[SourceTitle "Corr 2015"]
[Source "ChessBase"]
[SourceDate "2015.07.17"]
[SourceVersion "1"]
[SourceVersionDate "2015.07.17"]
[SourceQuality "1"]

1. e4 e5 2. Nf3 Nc6 3. Bc4 Bc5 4. b4 Bxb4 5. c3 Ba5 6. d4 exd4 7. Nxd4 Nf6 8. Nxc6 dxc6 9. Qxd8+ Kxd8 10. e5 Nd5 11. Bd2 Re8 12. f4 Bf5 13. 0-0 Ke7 14. Bxd5 cxd5 15. Na3 Bb6+ 16. Kh1 c6 17. c4 d4 18. Rae1 Bc5 19. Nb1 Bd3 20. Rf3 Bxc4 21. f5 Bxa2 22. f6+ gxf6 23. Rxf6 Kd7 24. Rf5 b6 0-1